书目信息 |
| 题名: |
机械动力学基础及其仿真分析研究
|
|
| 作者: | 文化宾 , 王淑芬 著 | |
| 分册: | ||
| 出版信息: | 成都 电子科技大学出版社 2019 |
|
| 页数: | 209页 | |
| 开本: | 26cm | |
| 丛书名: | ||
| 单 册: | ||
| 中图分类: | TH113 | |
| 科图分类: | ||
| 主题词: | 机械动力学--ji xie dong li xue--计算机仿真--研究 | |
| 电子资源: | ||
| ISBN: | 978-7-5647-6003-8 | |
| 000 | 01182nam0 2200265 45 | |
| 001 | 012001003523 | |
| 005 | 20140102104148.0 | |
| 010 | @a978-7-5647-6003-8@dCNY48.00 | |
| 099 | @aCAL 012019123300 | |
| 100 | @a20181207d2019 em y0chiy50 ea | |
| 101 | 0 | @achi |
| 102 | @aCN@b510000 | |
| 105 | @aa z 000yy | |
| 106 | @ar | |
| 200 | 1 | @a机械动力学基础及其仿真分析研究@Aji xie dong li xue ji chu ji qi fang zhen fen xi yan jiu@f文化宾, 王淑芬著 |
| 210 | @a成都@c电子科技大学出版社@d2019 | |
| 215 | @a209页@c图@d26cm | |
| 320 | @a有书目 (第208-209页) | |
| 330 | @a本书首先介绍了机械动力学与振动的发展历史、现状、研究方法及其发展趋势,然后给出了质点和刚体动力学、多刚体系统动力学、机械振动学等基础理论,接着对机械结构系统的刚柔耦合动力学、板壳结构动力学、转子系统和齿轮系统的动力学与振动理论进行了详细阐述,最后在非线性振动理论的基础上对多体系统、板壳结构、转子系统和齿轮传动系统等典型机械结构和系统的非线性动力学与振动问题进行了分析。 | |
| 606 | 0 | @a机械动力学@Aji xie dong li xue@x计算机仿真@x研究 |
| 690 | @aTH113@v5 | |
| 701 | 0 | @a文化宾@Awen hua bin@4著 |
| 701 | 0 | @a王淑芬@Awang shu fen@4著 |
| 801 | 0 | @aCN@b北京卓展@c20191020 |
| 905 | @b1211969-70@dTH113@e41@f2 | |
| 机械动力学基础及其仿真分析研究/文化宾, 王淑芬著.-成都:电子科技大学出版社,2019 |
| 209页:图;26cm |
| ISBN 978-7-5647-6003-8:CNY48.00 |
| 本书首先介绍了机械动力学与振动的发展历史、现状、研究方法及其发展趋势,然后给出了质点和刚体动力学、多刚体系统动力学、机械振动学等基础理论,接着对机械结构系统的刚柔耦合动力学、板壳结构动力学、转子系统和齿轮系统的动力学与振动理论进行了详细阐述,最后在非线性振动理论的基础上对多体系统、板壳结构、转子系统和齿轮传动系统等典型机械结构和系统的非线性动力学与振动问题进行了分析。 |
| ● |
| 相关链接 |
|
|
|
|
正题名:机械动力学基础及其仿真分析研究
索取号:TH113/41
 
预约/预借
| 序号 | 登录号 | 条形码 | 馆藏地/架位号 | 状态 | 备注 |
| 1 | 1211969 | 212119697 | 第二样本阅览室/ [索取号:TH113/41] | 在馆 | |
| 2 | 1211970 | 212119704 | 第三借阅区/ [索取号:TH113/41] | 在馆 |